000 00307nam a22001337a 4500
008 170504b xxu||||| |||| 00| 0 eng d
020 _a9780742500099
041 _aeng
080 _a34
100 _a14
101 _aSHJ
245 _aINTERNATIONAL LAW IN TE 21ST CENTURY
_cJOYNER, CH.C
942 _2udc
_cBK
999 _c12652
_d12652